Training managers to train : (Record no. 4167)

MARC details
000 -LEADER
fixed length control field 00595nam a22001817a 4500
003 - CONTROL NUMBER IDENTIFIER
control field OSt
005 - DATE AND TIME OF LATEST TRANSACTION
control field 20250822031953.0
008 - FIXED-LENGTH DATA ELEMENTS--GENERAL INFORMATION
fixed length control field 250822b |||||||| |||| 00| 0 eng d
020 ## - INTERNATIONAL STANDARD BOOK NUMBER
International Standard Book Number 1-56052-411-1
040 ## - CATALOGING SOURCE
Transcribing agency OC
082 ## - DEWEY DECIMAL CLASSIFICATION NUMBER
Classification number Circ. 658.3 H326t 1996
100 ## - MAIN ENTRY--PERSONAL NAME
Personal name Hayes, D.
245 ## - TITLE STATEMENT
Title Training managers to train :
Remainder of title improving employee performance, revised ed.
260 ## - PUBLICATION, DISTRIBUTION, ETC.
Name of publisher, distributor, etc. Crisp Learning,
Date of publication, distribution, etc. c1996
300 ## - PHYSICAL DESCRIPTION
Extent viii, 88 pages :
Dimensions 25 cm.
700 ## - ADDED ENTRY--PERSONAL NAME
Personal name Zaccarelli, Herman E.
942 ## - ADDED ENTRY ELEMENTS (KOHA)
Source of classification or shelving scheme Dewey Decimal Classification
Koha item type Book Circulation
Edition Revised edition
Classification part Circ. 658.3 H326t 1996
Call number prefix Circ.
Suppress in OPAC No
952 ## - LOCATION AND ITEM INFORMATION (KOHA)
--
Holdings
Withdrawn status Lost status Source of classification or shelving scheme Damaged status Not for loan Home library Current library Shelving location Date acquired Source of acquisition Total Checkouts Full call number Barcode Date last seen Copy number Price effective from Koha item type Uniform Resource Identifier
    Dewey Decimal Classification     College Library College Library Circulation 08/30/2004 School Fund   Circ. 658.3 H326t 1996 CL41034 08/22/2025 c1 08/22/2025 BK-CIRC